| 000 | 00500nam a2200193 a 4500 | ||
|---|---|---|---|
| 001 | 1768630936719 | ||
| 003 | YourLibrary | ||
| 005 | 20260117115420.0 | ||
| 008 | 260117s2008##################000#0#eng## | ||
| 020 | _a8180619273 | ||
| 082 | 0 | 4 |
_a618.8 _bMAL |
| 100 | 1 |
_aMalhotra, Narendra, _eauthor. |
|
| 245 | 1 | 0 | _aOperative Obstetrics : |
| 260 |
_bJaypee Brothers Medical Pub, _c2008. |
||
| 300 | _a228 pages | ||
| 650 | 0 | _aMedical. | |
| 942 | _cENGLISH | ||
| 040 |
_aYourLibrary _beng _cYourLibrary |
||
| 999 |
_c608463 _d608463 |
||